| 000 | 01294cai a22002535a 4500 | ||
|---|---|---|---|
| 001 | E159912 | ||
| 008 | 080811u xxk g 000 0 eng d | ||
| 035 | _a(Sirsi) u159912 | ||
| 041 | 0 | _aeng | |
| 110 | 2 |
_aWelsh Government _96155 |
|
| 245 | 0 | 0 |
_aArchwilio _bHistoric Environment Records of Wales _h[electronic resource] |
| 520 | _aProvides public access to the historic environment records (HERs) for each local authority area in Wales. It includes (or provides access to) information on tens of thousands of historic sites or investigative work across Wales. The HERs are maintained on behalf of the Welsh Ministers by the four regional Welsh Archaeological Trusts and in fulfilment of the requirements of the Historic Environment (Wales) Act 2016. | ||
| 590 | _aKA | ||
| 650 | 2 | 4 | _aHISTORIC ENVIRONMENT |
| 650 | 2 | 4 | _aHISTORIC ENVIRONMENT (WALES) ACT 2016 |
| 651 | 4 | _aWales | |
| 690 | _aBUILT ENVIRONMENT-BUILDING TYPES-ANCIENT MONUMENTS AND HISTORIC BUILDINGS | ||
| 710 | 2 |
_aClwyd-Powys Archeological Trust _96200 |
|
| 710 | 2 |
_aDyfed Archeological Trust _96201 |
|
| 710 | 2 |
_aGwynedd Aarcheological Trust _96202 |
|
| 710 | 2 |
_aGlamorgan-Gwen Archeological Trust _96203 |
|
| 856 | 4 | 0 |
_uhttps://archwilio.org.uk/arch/ _zView the website free of charge at archwilio.org.uk... |
| 942 | _n0 | ||
| 999 |
_c121056 _d121056 |
||